Introducción a la economía colombiana / (Registro nro. 5410)
[ vista simple ]
| 000 -LEADER | |
|---|---|
| fixed length control field | 01457nam a2200337Ia 4500 |
| 003 - CONTROL NUMBER IDENTIFIER | |
| control field | OSt |
| 005 - DATE AND TIME OF LATEST TRANSACTION | |
| control field | 20200714193905.0 |
| 008 - FIXED-LENGTH DATA ELEMENTS--GENERAL INFORMATION | |
| fixed length control field | 191128s2008 ck ad gr 001 0 spa d |
| 020 ## - INTERNATIONAL STANDARD BOOK NUMBER | |
| International Standard Book Number | 9789586826426 |
| 040 ## - CATALOGING SOURCE | |
| Original cataloging agency | CO-JMCR |
| Transcribing agency | CO-JMCR |
| 041 0# - LANGUAGE CODE | |
| Language code of text/sound track or separate title | spa |
| 082 04 - DEWEY DECIMAL CLASSIFICATION NUMBER | |
| Classification number | 330.9861 / |
| Item number | C266i |
| Edition number | 23 |
| 100 1# - MAIN ENTRY--PERSONAL NAME | |
| Personal name | Cárdenas S., Mauricio, |
| Relator term | autor |
| 9 (RLIN) | 6536 |
| 245 10 - TITLE STATEMENT | |
| Title | Introducción a la economía colombiana / |
| Statement of responsibility, etc. | Mauricio Cárdenas S. con la colaboración de Roberto Junguito, Camilo García, María Fernanda Rosales [y otros] |
| 250 ## - EDITION STATEMENT | |
| Edition statement | Primera edición |
| 260 ## - PUBLICATION, DISTRIBUTION, ETC. | |
| Place of publication, distribution, etc. | Colombia : |
| Name of publisher, distributor, etc. | Alfaomega : Fedesarrollo, reimpresión, |
| Date of publication, distribution, etc. | 2008. |
| 300 ## - PHYSICAL DESCRIPTION | |
| Extent | xxi, 520 páginas : |
| Other physical details | gráficos a blanco y negro ; |
| Dimensions | 23 cm. |
| 500 ## - GENERAL NOTE | |
| General note | Incluye índice páginas 514-520. |
| 505 0# - FORMATTED CONTENTS NOTE | |
| Formatted contents note | Características estructurales de la economía colombiana -- Los sectores externo y público -- Funcionamiento de los participales mercados -- La problemática social |
| 650 14 - SUBJECT ADDED ENTRY--TOPICAL TERM | |
| Topical term or geographic name entry element | Economía colombiana |
| 9 (RLIN) | 7253 |
| 650 24 - SUBJECT ADDED ENTRY--TOPICAL TERM | |
| Topical term or geographic name entry element | Estructura económica |
| 9 (RLIN) | 6843 |
| 650 24 - SUBJECT ADDED ENTRY--TOPICAL TERM | |
| Topical term or geographic name entry element | Problemas sociales |
| 9 (RLIN) | 7254 |
| 650 24 - SUBJECT ADDED ENTRY--TOPICAL TERM | |
| Topical term or geographic name entry element | Crecimiento económico |
| General subdivision | Hacienda pública |
| 9 (RLIN) | 7255 |
| 650 24 - SUBJECT ADDED ENTRY--TOPICAL TERM | |
| Topical term or geographic name entry element | Problemas sociales |
| 9 (RLIN) | 7254 |
| 650 24 - SUBJECT ADDED ENTRY--TOPICAL TERM | |
| Topical term or geographic name entry element | Mercados |
| General subdivision | Sector público |
| 9 (RLIN) | 7256 |
| 650 24 - SUBJECT ADDED ENTRY--TOPICAL TERM | |
| Topical term or geographic name entry element | Sector externo |
| General subdivision | Problemas sociales |
| 9 (RLIN) | 7257 |
| 700 1# - ADDED ENTRY--PERSONAL NAME | |
| Personal name | Junguito, Roberto, |
| Relator term | colaborador |
| 9 (RLIN) | 7213 |
| 700 1# - ADDED ENTRY--PERSONAL NAME | |
| Personal name | García, Camilo, |
| Relator term | colaborador |
| 9 (RLIN) | 7258 |
| 700 1# - ADDED ENTRY--PERSONAL NAME | |
| Personal name | Rosales, María Fernanda, |
| Relator term | colaborador |
| 9 (RLIN) | 7259 |
| 942 ## - ADDED ENTRY ELEMENTS (KOHA) | |
| Source of classification or shelving scheme | Dewey Decimal Classification |
| Koha item type | Books |
| Withdrawn status | Lost status | Source of classification or shelving scheme | Materials specified (bound volume or other part) | Damaged status | Not for loan | Home library | Current library | Shelving location | Date acquired | Source of acquisition | Full call number | Barcode | Date last seen | Copy number | Price effective from | Koha item type |
|---|---|---|---|---|---|---|---|---|---|---|---|---|---|---|---|---|
| Dewey Decimal Classification | Donación--15/04/2018-- | Biblioteca Pública José María del Castillo y Rada | Biblioteca Pública José María del Castillo y Rada | General Stacks | 11/28/2019 | Donación | 330.9861 / C266i | 430001873 | 05/16/2024 | Ej.1 | 11/28/2019 | Books |